VALORANT - Rank System - Statistics

General Stats
  • This quiz has been taken 3,882 times
  • The average score is 9 of 9
Answer Stats
Rank % Correct
Gold
99%
Bronze
98%
Iron
98%
Silver
98%
Platinum
97%
Diamond
96%
Radiant
94%
Immortal
92%
Ascendant
83%
No matching quizzes found
Score Distribution
Percent of People with Each Score
Percentile by Number Answered
Your Score History
You have not taken this quiz